[Event "Fertod Polin Cup 3rd"]
[Site "Fertod"]
[Date "2022.08.13"]
[Round "2"]
[White "Marton, David"]
[Black "Szunyogh, Istvan"]
[Result "1-0"]
[WhiteElo "1567"]
[BlackElo "1787"]
[PlyCount "87"]
[EventDate "2022.08.13"]
[EventType "swiss"]
[EventRounds "4"]
[EventCountry "HUN"]
[SourceTitle "EXT 2024"]
[Source "ChessBase"]
[SourceDate "2023.10.10"]
[SourceVersion "1"]
[SourceVersionDate "2023.10.10"]
[SourceQuality "1"]

1. d4 d5 2. c4 c6 3. Nc3 Nf6 4. Bg5 e6 5. e3 Nbd7 6. cxd5 exd5 7. Nf3 Qb6 8. Qc2 Bb4 9. Bd3 Qa5 10. 0-0 Bxc3 11. bxc3 h6 12. Bh4 0-0 13. c4 Re8 14. Rab1 Re6 15. Bf5 Re8 16. Bxf6 Nxf6 17. Bxc8 Rexc8 18. Rxb7 Ne4 19. Ne5 Nd6 20. Rd7 Nxc4 21. Nxc4 dxc4 22. Qxc4 Qf5 23. Rb7 Qd5 24. Rc1 Qxc4 25. Rxc4 Kf8 26. g4 Ke8 27. Kg2 Kf8 28. Kg3 Kg8 29. f4 f6 30. Kf3 Kh7 31. h4 Kg6 32. Ra4 a5 33. Rb6 c5 34. dxc5 Rxc5 35. Ke4 Rd8 36. Ra6 Rdd5 37. Rd4 Rxd4+ 38. exd4 Rb5 39. h5+ Kf7 40. Ra7+ Kf8 41. d5 Rb4+ 42. Kf5 Ra4 43. d6 Rxa2 44. Ra8+ 1-0

[Event "Mosonmagyarovar Polip Kupa-A 2nd"]
[Site "Mosonmagyarovar"]
[Date "2022.07.09"]
[Round "1"]
[White "Szunyogh, Istvan"]
[Black "Somogyi, Barbara"]
[Result "1-0"]
[WhiteElo "1760"]
[BlackElo "1682"]
[PlyCount "119"]
[EventDate "2022.07.09"]
[EventType "swiss"]
[EventRounds "4"]
[EventCountry "HUN"]
[SourceTitle "EXT 2023"]
[Source "ChessBase"]
[SourceDate "2022.10.05"]
[SourceVersion "1"]
[SourceVersionDate "2022.10.05"]
[SourceQuality "1"]

1. c4 Nf6 2. Nc3 e6 3. g3 d5 4. cxd5 exd5 5. Nf3 c6 6. d4 Bd6 7. Bg2 0-0 8. Bg5 h6 9. Bxf6 Qxf6 10. 0-0 Re8 11. Qb3 Re7 12. e3 Bg4 13. Nd2 Na6 14. a3 Rb8 15. Rac1 Nc7 16. Na4 Ne6 17. Qa2 Ng5 18. Rce1 Bf3 19. b4 Qf5 20. Nxf3 Nxf3+ 21. Bxf3 Qxf3 22. Qe2 Qxe2 23. Rxe2 a5 24. Rb2 axb4 25. axb4 b5 26. Nc3 Ra8 27. Rc1 Rea7 28. Kg2 Ra1 29. Ne2 Rxc1 30. Nxc1 Kf8 31. Rc2 Ra6 32. Nd3 Ke7 33. Kf3 Ra3 34. Ke2 Kd7 35. Rb2 f6 36. h4 h5 37. Kd2 Ke6 38. Rc2 Kd7 39. Rc3 Rxc3 40. Kxc3 Ke6 41. Kd2 Kf5 42. Ke2 Kg4 43. Ke1 Kf3 44. Kf1 g6 45. Ke1 Kg2 46. Ke2 Kg1 47. Kf3 Kf1 48. g4 hxg4+ 49. Kxg4 Ke2 50. Nf4+ Bxf4 51. exf4 f5+ 52. Kg5 Kd3 53. Kxg6 Kxd4 54. h5 Ke4 55. h6 d4 56. h7 d3 57. h8Q d2 58. Qe5+ Kd3 59. Qxf5+ Ke2 60. Qc2 1-0

[Event "HUN-chT2 Asztalos 1718"]
[Site "Hungary"]
[Date "2017.12.03"]
[Round "3.9"]
[White "Szunyogh, Istvan"]
[Black "Jaeger, Laszlo"]
[Result "1/2-1/2"]
[WhiteElo "1812"]
[BlackElo "1855"]
[PlyCount "104"]
[EventDate "2017.10.29"]
[EventType "team-tourn"]
[EventRounds "9"]
[EventCountry "HUN"]
[SourceTitle "EXT 2021"]
[Source "ChessBase"]
[SourceDate "2020.10.23"]
[SourceVersion "1"]
[SourceVersionDate "2020.10.23"]
[SourceQuality "1"]
[WhiteTeam "Sarosd"]
[BlackTeam "Baja"]
[WhiteTeamCountry "HUN"]
[BlackTeamCountry "HUN"]

1. c4 c5 2. Nc3 Nc6 3. g3 b6 4. Bg2 Bb7 5. e3 e5 6. Nge2 Nf6 7. 0-0 Be7 8. b3 0-0 9. d4 d6 10. Bb2 Qb8 11. Nd5 Nxd5 12. Bxd5 exd4 13. exd4 Bf6 14. Rb1 Ne7 15. Bxb7 Qxb7 16. d5 Bxb2 17. Rxb2 b5 18. Qc2 b4 19. Re1 g6 20. Qd3 Qd7 21. Nf4 Nf5 22. Rbe2 Rfe8 23. Kg2 Ng7 24. f3 Rxe2+ 25. Rxe2 Re8 26. g4 Rxe2+ 27. Qxe2 Kf8 28. h4 Qe7 29. Kg3 Qxe2 30. Nxe2 Ke7 31. Kf4 f6 32. Ng3 Ne8 33. h5 Kf7 34. Ke4 Kg7 35. Ne2 f5+ 36. Kf4 fxg4 37. fxg4 gxh5 38. gxh5 Kf6 39. Ng3 a5 40. Ne4+ Kf7 41. Kg5 Kg7 42. h6+ Kf7 43. Kf5 Ke7 44. Ng5 Nf6 45. Kf4 Nh5+ 46. Kg4 Nf6+ 47. Kf5 Ng8 48. Nxh7 Nxh6+ 49. Kf4 Nf7 50. Ke4 Ne5 51. Ng5 Ng4 52. Kd3 Ne5+ 1/2-1/2

[Event "HUN-chT2 Asztalos 1516"]
[Site "Hungary"]
[Date "2015.11.29"]
[Round "5.4"]
[White "Hoflinger, Istvan"]
[Black "Szunyogh, Istvan"]
[Result "0-1"]
[WhiteElo "1861"]
[BlackElo "1876"]
[PlyCount "98"]
[EventDate "2015.09.13"]
[EventType "team-tourn"]
[EventRounds "11"]
[EventCountry "HUN"]
[SourceTitle "CBM 170 Extra"]
[Source "ChessBase"]
[SourceDate "2016.02.25"]
[SourceVersion "1"]
[SourceVersionDate "2016.02.25"]
[SourceQuality "1"]
[WhiteTeam "Kiraly Sakk"]
[BlackTeam "Pet"]
[WhiteTeamCountry "HUN"]
[BlackTeamCountry "HUN"]

1. d4 d5 2. c4 c6 3. e3 Nf6 4. Nc3 g6 5. Nf3 b6 6. Be2 Bg7 7. h3 Bb7 8. a4 Nbd7 9. b4 a6 10. Bb2 Qc7 11. Qb3 e6 12. 0-0 0-0 13. cxd5 cxd5 14. Rac1 Rfc8 15. b5 Bf8 16. bxa6 Bxa6 17. Bxa6 Rxa6 18. Nb5 Qb8 19. Rxc8 Qxc8 20. Rc1 Qb8 21. Qc2 Kg7 22. Nd2 Bb4 23. Nf3 Qb7 24. Qb3 Bf8 25. Nd2 Ra8 26. Nc3 Qa6 27. Qb5 Qxb5 28. axb5 Bb4 29. Ra1 Rxa1+ 30. Bxa1 Ne8 31. Kf1 Nd6 32. Ndb1 Nf6 33. Ke2 Nfe8 34. Bb2 Bxc3 35. Nxc3 Nc7 36. Ba3 Ndxb5 37. Nxb5 Nxb5 38. Be7 Na7 39. Kd2 Nc6 40. Ba3 f6 41. f4 e5 42. Bb2 exd4 43. Bxd4 Nxd4 44. exd4 Kf7 45. f5 gxf5 46. Kc3 Ke6 47. Kb4 Kd6 48. Kb5 Kc7 49. g3 Kb7 0-1

[Event "HUN-chT2 Asztalos 1415"]
[Site "Hungary"]
[Date "2015.01.25"]
[Round "5"]
[White "Csernyiczky, Laszlo"]
[Black "Szunyogh, Istvan"]
[Result "0-1"]
[WhiteElo "1995"]
[BlackElo "1925"]
[PlyCount "116"]
[EventDate "2014.10.12"]
[EventType "team-tourn"]
[EventRounds "9"]
[EventCountry "HUN"]
[SourceTitle "EXT 2016"]
[Source "ChessBase"]
[SourceDate "2015.10.08"]
[SourceVersion "1"]
[SourceVersionDate "2015.10.08"]
[SourceQuality "1"]
[WhiteTeam "Dunaujvaros"]
[BlackTeam "Peti MTE"]
[WhiteTeamCountry "HUN"]
[BlackTeamCountry "HUN"]

1. e4 c5 2. d4 cxd4 3. c3 d3 4. Bxd3 Nc6 5. Nf3 d6 6. h3 g6 7. Be3 Bg7 8. 0-0 Nf6 9. Qd2 0-0 10. Bh6 Ne5 11. Nxe5 dxe5 12. Bxg7 Kxg7 13. Qe3 Qc7 14. Be2 Be6 15. Nd2 Rfd8 16. Rfd1 a6 17. b3 Rd7 18. Bc4 Bxc4 19. Nxc4 Rad8 20. Rxd7 Rxd7 21. a4 Nh5 22. g3 f6 23. Ra2 Qd8 24. Rd2 Rxd2 25. Nxd2 Kg8 26. Kg2 Ng7 27. Nc4 Ne6 28. Nb6 Qd6 29. Nd5 Kf7 30. Qh6 Nf8 31. Qe3 Nd7 32. Qe2 Qc6 33. Qd3 Nc5 34. Qc4 e6 35. b4 Nxe4 36. Qxc6 bxc6 37. Nc7 Nxc3 38. a5 Nd5 39. Nxa6 Ke7 40. Nc5 Nxb4 41. a6 Nd5 42. a7 Nb6 43. Kf3 f5 44. Ke3 Kd6 45. Nb7+ Kd5 46. Kd3 e4+ 47. Kc3 c5 48. Na5 g5 49. Nc4 Na8 50. Kb3 f4 51. Kc3 e3 52. gxf4 e2 53. Ne3+ Ke4 54. Kd2 gxf4 55. Ng2 Kf3 56. Ne1+ Kxf2 57. Nd3+ Kf1 58. Ne1 e5 0-1

[Event "Szekesfehervar-ch"]
[Site "Szekesfehervar"]
[Date "2014.09.14"]
[Round "4"]
[White "Szinavel, Zsolt"]
[Black "Szunyogh, Istvan"]
[Result "1-0"]
[WhiteElo "2095"]
[BlackElo "1925"]
[PlyCount "73"]
[EventDate "2014.09.13"]
[EventType "swiss"]
[EventRounds "7"]
[EventCountry "HUN"]
[SourceTitle "EXT 2016"]
[Source "ChessBase"]
[SourceDate "2015.10.08"]
[SourceVersion "1"]
[SourceVersionDate "2015.10.08"]
[SourceQuality "1"]

1. d4 d5 2. Nf3 c6 3. c4 Nf6 4. Nc3 h6 5. Bf4 Bg4 6. Ne5 Bf5 7. g4 Nxg4 8. Nxg4 Bxg4 9. cxd5 Bd7 10. Qb3 Qb6 11. e4 e6 12. Bc4 Qxb3 13. axb3 exd5 14. exd5 Bb4 15. Rg1 g5 16. Be5 Rg8 17. Kd1 Bxc3 18. bxc3 a6 19. Re1 Kf8 20. Bd6+ Kg7 21. Re7 Re8 22. Be5+ Kf8 23. Rxe8+ Kxe8 24. Kd2 b5 25. Re1 bxc4 26. Bxb8+ Kd8 27. Bd6 cxb3 28. dxc6 Bxc6 29. c4 Kd7 30. Ba3 Rb8 31. Kc3 Kd8 32. d5 Ba4 33. Re2 Bd7 34. Be7+ Kc8 35. Bd6 Rb7 36. c5 Bf5 37. c6 1-0

[Event "HUN-chT2 Asztalos 1314"]
[Site "Hungary"]
[Date "2013.09.22"]
[Round "2.7"]
[White "Kovacs, Tibor"]
[Black "Szunyogh, Istvan"]
[Result "1-0"]
[WhiteElo "1870"]
[BlackElo "1911"]
[PlyCount "67"]
[EventDate "2013.09.08"]
[EventType "team-tourn"]
[EventRounds "9"]
[EventCountry "HUN"]
[SourceTitle "EXT 2016"]
[Source "ChessBase"]
[SourceDate "2015.10.08"]
[SourceVersion "1"]
[SourceVersionDate "2015.10.08"]
[SourceQuality "1"]
[WhiteTeam "Pecs Karmin"]
[BlackTeam "MAV Elore"]
[WhiteTeamCountry "HUN"]
[BlackTeamCountry "HUN"]

1. e4 e6 2. Nc3 d5 3. exd5 exd5 4. d4 Bb4 5. Nf3 Bg4 6. Be2 Qe7 7. 0-0 Bxc3 8. bxc3 Nf6 9. a4 Ne4 10. Qd3 f6 11. Ba3 Nd6 12. Rfe1 Kd8 13. Qd2 Qd7 14. Qf4 Ne4 15. c4 g5 16. Qe3 c6 17. cxd5 cxd5 18. Bd3 Re8 19. Bxe4 Rxe4 20. Qd3 Bf5 21. Qb3 Nc6 22. c3 Na5 23. Qb4 Nc4 24. Qf8+ Qe8 25. Qxf6+ Kc7 26. Qxf5 Nxa3 27. Qxd5 Rxe1+ 28. Rxe1 Qf8 29. Qxg5 Rc8 30. Ne5 Re8 31. Qg3 Kb8 32. a5 Nb5 33. Rb1 Qa3 34. Nc4+ 1-0

[Event "HUN-chT2 Breyer 1213"]
[Site "Hungary"]
[Date "2013.01.27"]
[Round "7.6"]
[White "Szinavel, Zsolt"]
[Black "Szunyogh, Istvan"]
[Result "1-0"]
[WhiteElo "2123"]
[BlackElo "1924"]
[PlyCount "35"]
[EventDate "2012.09.16"]
[EventType "team-tourn"]
[EventRounds "11"]
[EventCountry "HUN"]
[SourceTitle "EXT 2014"]
[Source "ChessBase"]
[SourceDate "2013.11.20"]
[SourceVersion "1"]
[SourceVersionDate "2013.11.20"]
[SourceQuality "1"]
[WhiteTeam "Kisber Aszar"]
[BlackTeam "MAV Elore"]
[WhiteTeamCountry "HUN"]
[BlackTeamCountry "HUN"]

1. e4 c5 2. d4 cxd4 3. c3 dxc3 4. Nxc3 Nc6 5. Nf3 g6 6. e5 Bg7 7. Bc4 Qa5 8. 0-0 Nxe5 9. Nxe5 Bxe5 10. Bd2 Bxh2+ 11. Kh1 Bb8 12. Nd5 Qc5 13. Qe2 Kf8 14. Rfe1 b5 15. Bb3 Bb7 16. Rad1 Bxd5 17. Bxd5 Qxd5 18. Bh6+ 1-0

[Event "HUN-chT2 Breyer 1112"]
[Site "Hungary"]
[Date "2012.01.29"]
[Round "5.7"]
[White "Nagy, Aron"]
[Black "Szunyogh, Istvan"]
[Result "1-0"]
[WhiteElo "2047"]
[BlackElo "1914"]
[PlyCount "95"]
[EventDate "2011.09.25"]
[EventType "team-tourn"]
[EventRounds "11"]
[EventCountry "HUN"]
[SourceTitle "EXT 2013"]
[Source "ChessBase"]
[SourceDate "2012.11.22"]
[SourceVersion "1"]
[SourceVersionDate "2012.11.22"]
[SourceQuality "1"]
[WhiteTeam "Husi"]
[BlackTeam "MAV Elore"]
[WhiteTeamCountry "HUN"]
[BlackTeamCountry "HUN"]

1. Nf3 Nf6 2. c4 c5 3. g3 b6 4. Bg2 Bb7 5. 0-0 g6 6. Nc3 Bg7 7. Re1 0-0 8. e4 d6 9. d4 cxd4 10. Nxd4 Nfd7 11. Be3 a6 12. Rc1 Ne5 13. b3 Nec6 14. Nd5 Nxd4 15. Bxd4 Bxd5 16. Bxg7 Kxg7 17. Qxd5 Nd7 18. e5 Nxe5 19. Qxa8 Qxa8 20. Bxa8 Rxa8 21. Rc3 Kf8 22. Kg2 Rc8 23. Rec1 Nc6 24. a3 a5 25. Rb1 Ne5 26. f4 Nd7 27. Rcc1 Nc5 28. b4 axb4 29. axb4 Na6 30. Rb2 Nb8 31. Ra2 Nd7 32. Ra7 Ke8 33. Rca1 e6 34. Ra8 Rxa8 35. Rxa8+ Ke7 36. Kf3 h5 37. h3 d5 38. cxd5 exd5 39. Ke3 Kd6 40. Ra7 Ke6 41. Kd4 Kd6 42. g4 hxg4 43. hxg4 Ke6 44. Rb7 f6 45. Rc7 Kd6 46. Rc8 g5 47. fxg5 fxg5 48. Rd8 1-0

[Event "HUN-chT2 Breyer 1112"]
[Site "Hungary"]
[Date "2011.11.27"]
[Round "4.6"]
[White "Jakab, Norbert"]
[Black "Szunyogh, Istvan"]
[Result "0-1"]
[WhiteElo "1763"]
[BlackElo "1914"]
[PlyCount "84"]
[EventDate "2011.09.25"]
[EventType "team-tourn"]
[EventRounds "11"]
[EventCountry "HUN"]
[SourceTitle "EXT 2013"]
[Source "ChessBase"]
[SourceDate "2012.11.22"]
[SourceVersion "1"]
[SourceVersionDate "2012.11.22"]
[SourceQuality "1"]
[WhiteTeam "Kisber Aszar"]
[BlackTeam "MAV Elore"]
[WhiteTeamCountry "HUN"]
[BlackTeamCountry "HUN"]

1. e4 e6 2. Nf3 d5 3. exd5 exd5 4. d4 Bd6 5. Be2 Nf6 6. 0-0 Bf5 7. Nc3 Nc6 8. Bg5 Be6 9. Re1 h6 10. Bh4 g5 11. Bg3 a6 12. Ne5 Bb4 13. Bh5 0-0 14. Nxc6 bxc6 15. Be5 Bd6 16. Bxf6 Qxf6 17. Bg4 Rae8 18. Bxe6 fxe6 19. Rf1 e5 20. Ne2 exd4 21. Nxd4 Bc5 22. c3 Re4 23. Qa4 Bxd4 24. cxd4 Rxd4 25. Qxa6 Rd2 26. Qa7 g4 27. Qe3 Rxb2 28. a4 d4 29. Qg3 Kh8 30. a5 h5 31. a6 h4 32. Qxg4 Rxf2 33. Qh5+ Kg7 34. Qg4+ Kh6 35. Qd1 h3 36. g3 c5 37. Qc1+ Kg7 38. Qd1 Qf5 39. Qe1 Rg2+ 40. Kh1 Qd5 41. Qe7+ Kg6 42. Qxf8 Rxh2+ 0-1